Los ojos de bambú

Guardat en:
Dades bibliogràfiques
Autor principal: Valdivieso, Mercedes (Autor)
Format: Llibre
Idioma:espanyol
Publicat: Santiago Zig-Zag 1964
Col·lecció:Biblioteca de Novelistas
Matèries:
Etiquetes: Afegir etiqueta
Sense etiquetes, Sigues el primer a etiquetar aquest registre!

MARC

LEADER 00000nam a2200000 a 4500
001 UCQ6281
003 CL-VaPUC
008 981009e19640000CL |||||||||||||||||spa|d
082 0 4 |a Ch863  |b VAL  |2 21 
100 0 |a Valdivieso, Mercedes  |e author  |9 420162 
245 1 4 |a Los ojos de bambú 
300 |a 250 p 
942 |c BK 
945 |d 19981009 00:00:00  |a crobeson 
260 |a Santiago  |b Zig-Zag  |c 1964 
650 0 |a Novelas chilenas   |9 265425 
650 0 |a Literatura chilena   |9 308278 
583 |a last modification  |c 19981009 00:00:00  |k Rodrigo Vera 
490 0 |a Biblioteca de Novelistas 
999 |c 276282  |d 276280 
952 |0 0  |1 0  |4 0  |6 CH_863_000000000000000_VAL_1964  |7 0  |8 A  |9 313445  |a BIBEDU  |b BIBEDU  |c ES_NOD  |d 2019-11-20  |i 1477692  |o Ch863 VAL 1964  |p 1477692  |r 2023-08-09  |w 2019-11-20  |y BK  |k LIT